[Event "Reunion op 15th"]
[Site "St Denis"]
[Date "2013.10.12"]
[Round "1"]
[White "Hoareau, Noe"]
[Black "Zagjivan, Yash"]
[Result "1-0"]
[WhiteElo "1598"]
[BlackElo "1009"]
[PlyCount "53"]
[EventDate "2013.10.12"]
[EventType "swiss"]
[EventRounds "9"]
[EventCountry "RUF"]
[SourceTitle "EXT 2014"]
[Source "ChessBase"]
[SourceDate "2013.11.20"]
[SourceVersion "1"]
[SourceVersionDate "2013.11.20"]
[SourceQuality "1"]

1. e4 e5 2. Nf3 d5 3. exd5 f6 4. Nc3 Nc6 5. dxc6 bxc6 6. Be2 Ba6 7. Bxa6 Rc8 8. Bxc8 Qxc8 9. 0-0 Bb4 10. d4 Bxc3 11. bxc3 c5 12. dxe5 fxe5 13. Nxe5 Ne7 14. Qf3 Rf8 15. Qg4 Qxg4 16. Nxg4 Nd5 17. Rb1 Nxc3 18. Rb8+ Ke7 19. Re1+ Kf7 20. Ne5+ Ke6 21. Rxf8 Ke7 22. Ng6+ Kd7 23. Re7+ Kc6 24. Ne5+ Kb5 25. Rb8+ Ka4 26. Rxc7 Nb1 27. Rxa7# 1-0